| 000 | 01106nam a2200325 i 4500 | ||
|---|---|---|---|
| 003 | EG-GICUC | ||
| 005 | 20260126185012.0 | ||
| 008 | 260126s1962 -uk |fr|||| 001 0 eng d | ||
| 040 |
_aEG-GiCUC _beng _cEG-GiCUC _dEG-GiCUC _erda |
||
| 041 | 0 | _aeng | |
| 082 | 0 | 4 |
_221 _a341.9 _bAS . P |
| 092 | 0 | 4 | _221 |
| 099 | _aLaw1 12 341.9 AS . P 1962 | ||
| 100 | 1 |
_aAspinall, A. _eAuthor. |
|
| 245 | 0 | 4 |
_aParliament Through Seven Centuries : _bReading And Its M.p.5 / _cBy A. Aspinall, Barbara Dodwell, M. D. Lambert , C. F. Slade, E. A. Smith. |
| 264 | 1 |
_aLondon : _bThe Hansard Society, _c1962. |
|
| 300 |
_a126 pages, _c24 cm |
||
| 336 |
_2rda content _atext |
||
| 337 |
_2rda media _aComputer |
||
| 338 |
_2rda carrier _aOnline Resource |
||
| 546 | _aText in English | ||
| 650 | 1 | 4 | _aPrivate international law |
| 700 | 1 |
_aDodwell , Barbara _ejoint author. |
|
| 700 | 1 |
_aLambert , M. D. _ejoint author. |
|
| 700 | 1 |
_aSlade , C. F _ejoint author. |
|
| 700 | 1 |
_aSmith, E. A. _ejoint author. |
|
| 856 | 4 | 0 | _uhttps://fll.law.cu.edu.eg/fulltext/bks/B12-01784.pdf |
| 905 | _a48 | ||
| 942 |
_2ddc _cBK _e21 _n0 |
||
| 999 |
_c59519 _d59519 |
||